000
00247 a2200097 4500
001
24448
100
_a
Jenkins, W M
245
_a
Matrix and Digital Computer Methods in Structural Analysis
260
_a
_b
McGraw-Hill
_c
1969
090
_c
16504
_d
16504
942
_a
NUST-CAE
_c
M
_c
7230
999
_c
259521
_d
259521